Elementos de semiología

Na minha lista:
Detalhes bibliográficos
Autor principal: Barthes, Roland
Formato: Livro
Idioma:Undetermined
Publicado em: Madrid, España Alberto Corazón 1921
Assuntos:
Tags: Adicionar Tag
Sem tags, seja o primeiro a adicionar uma tag!

MARC

LEADER 00000nam a2200000Ia 4500
008 170316s9999 xx 000 0 und d
090 |a 801 B-7el 
100 |a Barthes, Roland 
245 |a Elementos de semiología 
260 |a Madrid, España 
260 |b Alberto Corazón 
260 |c 1921 
300 |a 102 páginas 
650 |a TEORÍA LITERARIA 
650 |a SEMIÓTICA 
999 |c 20126  |d 20126 
040 |a cru BVZT 
942 |c 15 D  |h 801 B-7el  |2 z